Australian aboriginal concepts /

Bibliographic Details
Other Authors: Hiatt, L. R. (Lester Richard)
Format: Book
Language:English
Published: Canberra : [Atlantic Highlands] N.J. : Australian Institute of Aboriginal Studies ; Humanities Press, 1978.
Subjects:

MARC

Tag First Indicator Second Indicator Subfields
LEADER 00000cam a2200000 i 4500
001 in00000095142
005 20150927110644.0
008 790910s1978 at a b 00100 eng
010 |a  78058302  
015 |a Aus*** 
020 |a 0391008870 (Humanities) 
020 |a 0391008889 (pbk.) (Humanities) 
035 |a (OCoLC)04827199 
035 |9 AAL7022AM 
040 |a DLC  |c DLC  |d OCL  |d TXA  |d UtOrBLW 
043 |a u-at--- 
049 |a TXAM  |c [1558477] 
050 0 0 |a GN666  |b .A78 
082 0 |a 301.45/19/91094 
245 0 0 |a Australian aboriginal concepts /  |c edited by L. R. Hiatt. 
264 1 |a Canberra :  |b Australian Institute of Aboriginal Studies ;  |a [Atlantic Highlands] N.J. :  |b Humanities Press,  |c 1978. 
300 |a viii, 198 pages :  |b illustrations ;  |c 25 cm. 
336 |a text  |b txt  |2 rdacontent 
337 |a unmediated  |b n  |2 rdamedia 
338 |a volume  |b nc  |2 rdacarrier 
504 |a Includes bibliographies and indexes. 
650 0 |a Philosophy, Aboriginal Australian. 
650 0 |a Aboriginal Australians  |x Psychology. 
650 0 |a Folk classification. 
700 1 |a Hiatt, L. R.  |q (Lester Richard) 
999 |a MARS 
999 f f |s b4030172-d407-3173-9793-926955a094af  |i d2be2834-73b9-38bb-b284-cbd2fdd5d934  |t 0 
952 f f |p ric  |a Texas A&M University  |b Rellis Campus  |c Joint Library Facility  |d Remote Storage  |t 0  |e GN666 .A78  |h Library of Congress classification  |i unmediated -- volume  |m A14802431741 
998 f f |a GN666 .A78  |t 0  |l Remote Storage